Manual de contabilidade pública : (Record no. 786)
[ view plain ]
| 000 -LÍDER | |
|---|---|
| Campo Fixo de Controle | 00809nam a2200253 a 4500 |
| 001 - NÚMERO DE CONTROLE | |
| Campo de Controle | 786 |
| 003 - IDENTIFICAÇÃO DO NÚMERO DE CONTROLE | |
| Campo de Controle | BR-CuiBMT |
| 005 - DATA E HORA DA ÚLTIMA ATUALIZAÇÃO | |
| Campo de Controle | 20231213131008.0 |
| 008 - DADOS FIXOS | |
| Dados Fixos | 231117s2003 spba 000 0 por d |
| 020 ## - INTERNATIONAL STANDARD BOOK NUMBER | |
| Nº do ISBN | 9788522433865 |
| 040 ## - AGÊNCIA CATALOGADORA | |
| Código da Agência Catalogadora | BR-CuiBMT |
| Agência que transcreveu o registro | BR-CuiBMT |
| 080 ## - Nº DA CLASSIFICAÇÃO DECIMAL UNIVERSAL | |
| Nº edição CDU | 2007 |
| Nº Class. CDU | 657:35 |
| 090 ## - NÚMERO DE CHAMADA | |
| Nº classificação | 657:35 |
| Cutter | S634m |
| Ano/Edição | 2. ed. |
| 100 1# - ENTRADA PRINCIPAL -- AUTOR PESSOAL | |
| Nome pessoal | Slomski, Valmor |
| 245 10 - TÍTULO PRINCIPAL | |
| Título principal | Manual de contabilidade pública : |
| Subtítulo | um enfoque na contabilidade municipal / |
| Indicação de responsabilidade | Valmor Slomski. |
| 250 ## - EDIÇÃO | |
| Edição | 2. ed. |
| 260 ## - PUBLICAÇÃO, DISTRIBUIÇÃO, ETC. | |
| Local de publicação | São Paulo : |
| Editora | Atlas, |
| Data | c2003. |
| 300 ## - DESCRIÇÃO FÍSICA | |
| N. páginas ou volumes | 469 p. : |
| Ilustrações | il. color. ; |
| Dimensões | 24 cm |
| 500 ## - NOTAS GERAIS | |
| Notas gerais | De acordo com a lei de responsabilidade fiscal. |
| 504 ## - NOTA DE BIBLIOGRAFIA, ETC. | |
| Nota de bibliografia | Inclui bibliografia. |
| 590 ## - NOTA LOCAL | |
| Nota local | A Biblioteca possui a 5. reimpr. 2008 e a 6. reimpr. 2009. |
| 650 ## - ASSUNTO TÓPICO | |
| Cabeçalho tópico ou nome geográfico | Contabilidade pública |
| Subdivisão geográfica | Brasil |
| 942 ## - ELEMENTOS DE ENTRADA ADICIONAIS (KOHA) | |
| Fonte de classificação ou esquema de arquivamento | Classificação Decimal Universal |
| Tipo de item do Koha | Livros |
| Estado: removido | Estado: perdido | Fonte de classificação ou esquema de arquivamento | Estado: danificado | Indisponível para empréstimo | Localização permanente | Localização atual | Data de aquisição | Total Checkouts | Número de Chamada completo | Código de barras | Date last seen | Número do exemplar | Preço efetivo a partir de | Tipo de item (Koha) | Nota pública |
|---|---|---|---|---|---|---|---|---|---|---|---|---|---|---|---|
| Classificação Decimal Universal | Biblioteca da Escola Superior de Contas do TCE/MT | Biblioteca da Escola Superior de Contas do TCE/MT | 02/04/2013 | 657:35 S634m 2. ed. | BIBTCEMT23110708 | 17/11/2023 | Ex. 1 | 17/11/2023 | Livros | 6. reimpr. 2009 | |||||
| Classificação Decimal Universal | Biblioteca da Escola Superior de Contas do TCE/MT | Biblioteca da Escola Superior de Contas do TCE/MT | 23/09/2008 | 657:35 S634m 2. ed. | BIBTCEMT23110709 | 17/11/2023 | Ex. 2 | 17/11/2023 | Livros | 5. reimpr. 2008 |